=LDR 00000nam 2200000 4500 =001 INLIS000000000027236 =005 20130612125628 =008 ***********************************Ind** =035 ##$$0010-061300000027236 =041 ##$$a Ind =082 ##$$a 658.403 =090 ##$$a 658.403, Rid j =100 ##$$a Ridha, Akram =245 ##$$a Jangan menyesal, kiat mengambil keputusan efektif, Akram Ridha ; penerjemah, Khalirurrahman Fath ; editor, Muhammad Ihsan =260 ##$$a 2005 $b Jakarta =300 ##$$a xxi, 239 hlm, ilus, 20 cm =650 ##$$a Mengambil Keputusan =700 ##$$a Fath, Khalifurrahman =850 ##$$a NBPNMAT =990 ##$$a 0014/BPAP-NTB/2015 =990 ##$$a 0001/BPAP-NTB/2016 =990 ##$$a 1349513495 =990 ##$$a 0014/BPAP-NTB/2015 =990 ##$$a 0001/BPAP-NTB/2016 =990 ##$$a 01201713495